| 000 | 01514nam a2200325Ia 4500 | ||
|---|---|---|---|
| 001 | ebr2002043 | ||
| 003 | CaPaEBR | ||
| 006 | m u | ||
| 007 | cr cn||||||||| | ||
| 008 | 950622s1995 njuabc sb 000 0 eng d | ||
| 020 | _z1556506856 (pbk.) : | ||
| 040 |
_aCaPaEBR _cCaPaEBR |
||
| 035 | _a(OCoLC)133163582 | ||
| 050 | 1 | 4 |
_aE159 _b.H79 1995eb |
| 100 | 1 | _aHoward, Blair. | |
| 245 | 1 | 2 |
_aA guide for travellers _h[electronic resource] / _cBlair Howard. |
| 260 |
_aEdison, N.J. : _bHunter Publishing, _cc1995. |
||
| 300 |
_a258, [6] p. : _bill., maps, ports. |
||
| 490 | 0 |
_aBattlefields of the Civil War ; _vv.2 |
|
| 500 | _a"Harpers Ferry, Fort Sumter, Richmond, Cumberland Gap, Appomattox, Andersonville, The Peninsula Campaign, Sherman's march through Georgia, the Shenandoah Valley." | ||
| 504 | _aIncludes bibliographical references (p. [259-264]). | ||
| 533 |
_aElectronic reproduction. _bPalo Alto, Calif. : _cebrary, _d2009. _nAvailable via World Wide Web. _nAccess may be limited to ebrary affiliated libraries. |
||
| 650 | 0 |
_aBattlefields _zUnited States _vGuidebooks. |
|
| 650 | 0 |
_aHistoric sites _zUnited States _vGuidebooks. |
|
| 651 | 0 |
_aUnited States _xHistory _yCivil War, 1861-1865 _xBattlefields _vGuidebooks. |
|
| 651 | 0 |
_aUnited States _xHistory _yCivil War, 1861-1865 _xCampaigns. |
|
| 655 | 7 |
_aElectronic books. _2local |
|
| 710 | 2 | _aebrary, Inc. | |
| 856 | 4 | 0 |
_uhttp://site.ebrary.com/lib/rucke/Doc?id=2002043 _zAn electronic book accessible through the World Wide Web; click to view |
| 999 |
_c126544 _d126544 |
||